Southville International School and Colleges
Your cart is empty.
  • Cart
  • Lists
    Public lists Eva Luna New books Lux_list list_1
    Your lists Log in to create your own lists
  • Log in to your account
  • Your cookies
  • Search history
Southville International School and Colleges
  • Advanced search
  • Recent comments
  • Most popular
  • Libraries

Log in to your account

Log in with GOOGLE


If you do not have an external account, but do have a local account, you can still log in:

  1. Home
  2. MARC view: Roof and Meadow
Normal view MARC view ISBD view

Roof and Meadow (Record no. 243956)

[ view plain ]
MARC details
000 -LEADER
fixed length control field 00901cam a22002533a 4500
001 - CONTROL NUMBER
control field 14701
003 - CONTROL NUMBER IDENTIFIER
control field PGUSA
005 - DATE AND TIME OF LATEST TRANSACTION
control field 20140828083320.0
008 - FIXED-LENGTH DATA ELEMENTS--GENERAL INFORMATION
fixed length control field 050116s2005||||xxu|||||s|||||000 | eng d
040 ## - CATALOGING SOURCE
Original cataloging agency PGUSA
Language of cataloging eng
042 ## - AUTHENTICATION CODE
Authentication code dc
050 #4 - LIBRARY OF CONGRESS CALL NUMBER
Classification number QL
100 1# - MAIN ENTRY--PERSONAL NAME
Personal name Sharp, Dallas Lore,
Dates associated with a name 1870-1929
245 10 - TITLE STATEMENT
Title Roof and Meadow
Medium [electronic resource] /
Statement of responsibility, etc Dallas Lore Sharp
260 ## - PUBLICATION, DISTRIBUTION, ETC. (IMPRINT)
Name of publisher, distributor, etc Project Gutenberg,
Date of publication, distribution, etc 2005
505 0# - FORMATTED CONTENTS NOTE
Formatted contents note Birds from a city roof -- The hunting of the woodchuck -- Three sermons -- The marsh -- Calico and the kittens -- The sparrow roost -- "Mux" -- Racoon Creek -- The dragon of the swale.
506 ## - RESTRICTIONS ON ACCESS NOTE
Terms governing access Public domain in the USA.
516 ## - TYPE OF COMPUTER FILE OR DATA NOTE
Type of computer file or data note Electronic text
653 ## - INDEX TERM--UNCONTROLLED
Uncontrolled term Birds -- Juvenile literature
700 1# - ADDED ENTRY--PERSONAL NAME
Personal name Horsfall, R. Bruce
Fuller form of name (Robert Bruce),
Dates associated with a name 1869-1948
830 #0 - SERIES ADDED ENTRY--UNIFORM TITLE
Uniform title Project Gutenberg
Volume number/sequential designation 14701
856 40 - ELECTRONIC LOCATION AND ACCESS
Uniform Resource Identifier <a href="http://www.gutenberg.org/ebooks/14701">http://www.gutenberg.org/ebooks/14701</a>
942 ## - ADDED ENTRY ELEMENTS (KOHA)
Koha item type eBooks
Holdings
Withdrawn status Lost status Damaged status Home library Current library Date acquired Total Checkouts Date last seen Price effective from Koha item type
      Project Gutenberg Project Gutenberg 08/28/2014   08/28/2014 08/28/2014 eBooks

Roof and Meadow

APA

Sharp D. L., Horsfall R. B., . (2005). Roof and Meadow. : Project Gutenberg.

Chicago

Sharp Dallas Lore, Horsfall R Bruce, . 2005. Roof and Meadow. : Project Gutenberg.

Harvard

Sharp D. L., Horsfall R. B., . (2005). Roof and Meadow. : Project Gutenberg.

MLA

Sharp Dallas Lore, Horsfall R Bruce, . Roof and Meadow. : Project Gutenberg. 2005.

  • Place hold
  • Print
  • Cite
  • Add to your cart (remove)
  • Save record
    BIBTEX Dublin Core MARCXML MARC (non-Unicode/MARC-8) MARC (Unicode/UTF-8) MARC (Unicode/UTF-8, Standard) MODS (XML) RIS
  • More searches
    Search for this title in:
    Other Libraries (WorldCat) Other Databases (Google Scholar) Online Stores (Bookfinder.com) Open Library (openlibrary.org)

Exporting to Dublin Core...

SOUTHVILLE LIBRARY

Southville International School and Colleges Library

1281 Tropical Ave. Cor. Luxembourg St., BF Homes International, Las Pinas City

Tel. No. 8256374 / 252358 Loc. 117/146

Powered by Koha